000 00974nam a2200265 a 4500
005 20080530172718.0
008 080118s2009 maua b 001 0 eng
010 _aENG-91777
020 _a9780070252844
_c525.00
020 _a007025284X
_c525.00
035 _aEN-75310
037 _bDBAD / PUB
040 _adpl
_bEnglish
082 _a005.432
100 _aPetersen, Richard, 1949-
245 _aUbuntu :
_cby Richard Petersen
_bthe complete reference /
260 _aNew Delhi
_bTata McGraw-Hill Publishing
_c2009
270 _a7 West Patel Nagar
_bNew Delhi
_e110008
300 _axxx, 722p.
_c26 cm (pbk)
500 _aIncludes index
650 _aUbuntu (Electronic resources)
650 _aOperating systems (Computers)
942 _2ddc
_cEN
_h005.432
_mPET
999 _c19011
_d19011